[Event "Marianske Lazne op 20th"]
[Site "Marianske Lazne"]
[Date "2022.01.21"]
[Round "8"]
[White "Gorkiewicz, Mateusz"]
[Black "Landstorfer, Franz Robert"]
[Result "1-0"]
[WhiteElo "2028"]
[BlackElo "1805"]
[PlyCount "73"]
[EventDate "2022.01.15"]
[EventType "swiss"]
[EventRounds "9"]
[EventCountry "CZE"]
[SourceTitle "CBM 206 Extra"]
[Source "ChessBase"]
[SourceDate "2022.03.31"]
[SourceVersion "1"]
[SourceVersionDate "2022.03.31"]
[SourceQuality "1"]

1. e4 d6 2. d4 Nf6 3. Nc3 g6 4. Bg5 Bg7 5. e5 Nfd7 6. f4 Nb6 7. Nf3 0-0 8. Be2 f6 9. exf6 exf6 10. Bh4 d5 11. b3 Qe7 12. Qd2 c6 13. 0-0 Bg4 14. Rae1 Bxf3 15. Rxf3 Qb4 16. f5 N8d7 17. Bf2 Rfe8 18. Rg3 Kf7 19. Qd3 Nf8 20. h4 Re7 21. fxg6+ hxg6 22. h5 g5 23. h6 Bxh6 24. Bh5+ Kg7 25. Rxe7+ Qxe7 26. Ne2 Kh8 27. Re3 Qd7 28. Ng3 g4 29. Re1 Nc8 30. Nf5 Bg5 31. Bxg4 Qh7 32. Re8 Nb6 33. Re7 Qg6 34. Qh3+ Nh7 35. Bh5 Qg8 36. Bf7 Qf8 37. Bg6 1-0

[Event "Marianske Lazne op 20th"]
[Site "Marianske Lazne"]
[Date "2022.01.15"]
[Round "1"]
[White "Landstorfer, Franz Robert"]
[Black "Froeyman, Helmut"]
[Result "0-1"]
[WhiteElo "1805"]
[BlackElo "2301"]
[PlyCount "134"]
[EventDate "2022.01.15"]
[EventType "swiss"]
[EventRounds "9"]
[EventCountry "CZE"]
[SourceTitle "CBM 206 Extra"]
[Source "ChessBase"]
[SourceDate "2022.03.31"]
[SourceVersion "1"]
[SourceVersionDate "2022.03.31"]
[SourceQuality "1"]

1. Nf3 f5 2. b4 e6 3. Bb2 Nf6 4. a3 b6 5. e3 Bb7 6. c4 g6 7. Be2 Bg7 8. 0-0 0-0 9. Qb3 Qe7 10. d4 d6 11. Nbd2 Nbd7 12. a4 a5 13. bxa5 Rxa5 14. Bc3 Raa8 15. a5 Rfb8 16. axb6 Nxb6 17. Rxa8 Bxa8 18. Qa2 Ne4 19. Ba5 Bc6 20. Nxe4 Bxe4 21. Bxb6 Rxb6 22. Nd2 Bc6 23. Rb1 Rxb1+ 24. Qxb1 Qd8 25. Bf3 Bd7 26. g3 Qc8 27. Qb7 Qxb7 28. Bxb7 Kf7 29. Kf1 Ba4 30. Ke2 Ke7 31. Bg2 Bc2 32. Nf3 c5 33. dxc5 dxc5 34. Nd2 Kd6 35. Bb7 Kc7 36. Bg2 Kb6 37. h3 Bf6 38. Ba8 h6 39. Bg2 Bc3 40. f4 Bf6 41. Ba8 Kc7 42. Bg2 g5 43. e4 gxf4 44. gxf4 Bb2 45. exf5 exf5 46. Bd5 Bc1 47. Be6 Kd6 48. Bd5 Ke7 49. h4 Kd6 50. h5 Ba4 51. Bf7 Ke7 52. Bd5 Be8 53. Bf3 Bf7 54. Kd3 Bxd2 55. Kxd2 Bxc4 56. Kc3 Bf1 57. Bd1 Bh3 58. Kc4 Bg4 59. Bc2 Kd6 60. Bd3 Bxh5 61. Bxf5 Bf3 62. Bh3 h5 63. Kc3 Bg4 64. Bg2 Bf5 65. Kd2 h4 66. Kc3 h3 67. Bf3 Be6 0-1